Welcome to the Holygrace Academy Library

Please use search bar below to get started

WEATHER (Record no. 7037)

MARC details
000 -LEADER
fixed length control field 00638nam a22001457a 4500
020 ## - INTERNATIONAL STANDARD BOOK NUMBER
ISBN 978-1-60346-008-8
082 ## - DEWEY DECIMAL CLASSIFICATION NUMBER
Classification number 823
Item number MAC/W
100 ## - MAIN ENTRY--AUTHOR NAME
Personal name MACAW BOOKS
245 ## - TITLE STATEMENT
Title WEATHER
Remainder of title SCIENCE GRAPHIC STORIES
260 ## - PUBLICATION, DISTRIBUTION, ETC. (IMPRINT)
Place of publication NOIDA
Name of publisher MACAW BOOKS
Year of publication 2014
300 ## - PHYSICAL DESCRIPTION
Number of Pages 16
520 ## - SUMMARY, ETC.
Summary, etc “Weather” is a novel reckoning with the simultaneity of daily life and global crisis, what it means for a woman to be all of these things: a mother packing her son's backpack and putting away the dog's “slobber frog,” a sister helping her recovering-addict brother take care of his infant daughter, and a citizen of a ...
650 ## - SUBJECT ADDED ENTRY--TOPICAL TERM
Topical Term STORY
942 ## - ADDED ENTRY ELEMENTS (KOHA)
Koha item type Books
Holdings
Withdrawn status Lost status Collection code Home library Current library Shelving location Date acquired Source of acquisition Full call number Accession Number Koha item type
    Fiction Main Library Main Library NEW SHELF WITH NEW ENTRY 26/10/2023 Purchase 823 MAC/W 13040 Books